Korewori- magic art from the rain forest /

Guardado en:
Autor Principal: Kaufmann, Christian
Formato: Libro
Publicado: Basel : Museum Der Kulturen, 2003
Materias:
Etiquetas: Agregar Etiqueta
Sin Etiquetas, Sea el primero en etiquetar este registro!
LEADER 00562nam a22001815a 4500
001 EHU.bham026607
003 AR-BHAM
005 20110509150016.0
008 130507s2003##################000#0#####d
082 7 0 |a 709.01 
100 1 |a Kaufmann, Christian 
245 1 0 |a Korewori- magic art from the rain forest /  |c Christian Kaufmann 
260 |a Basel :  |b Museum Der Kulturen,  |c 2003 
300 |a 103 p. 
500 |a Translated From The German By R. Williamson 
653 |a Arte indigena 
653 |a Oceania 
859 |a AR-BHAM  |b BIB. HUMANIDADES - General  |h 709.01  |i K162  |p 372.04  |t Ej.1